000 01436nam0a22003371 4500
001 v19\rc\1741389
005 20260405154829.0
035 _a(NLR Aleph) 005252174
090 _a5815234
_c5815234
100 _a20061204d1902 |||y0rusy50 ca
101 0 _arus
102 _aRU
105 _ay z |||||
200 1 _aПожар
_eШутка в 1 д. И.А. Гриневской
210 _aСанкт-Петербург
_cтип. т-ва "Труд"
_dценз. 1902
215 _a13 с.
_d23
309 _aБез тит. л. и обл.
311 _aПрил. к журн. "Театр и искусство" 1902 г. № 7
316 _aЭкз. РНБ (1/413): припл. ...
_5NLR: 1/413
422 0 _12001#$aТеатр и искусство$v1902, № 7
_tТеатр и искусство
482 0 _1001RU\NLR\INFOCOMM31\5000053424
_12001#$aТеатр и искусство$v1902, № 7
_94568882
_cБ. м.
_d1902
_tТеатр и искусство. - Г.6 1902, №7
_v1902, № 7
700 1 _8rus
_7ca
_aГриневская
_bИ. А.
_f1864-1942
_gИзабелла Аркадьевна
_3RU\NLR\AUTH\7765721
_948650
801 2 _aRU
_bNLR
_c20090209
_2rusmarc
801 0 _aRU
_bNLR
_c20061204
_gpsbo
801 0 _aRU
_bRuMoRGB
_c20061204
_2psbo
801 1 _aRU
_bProSoft-M
_c20061204
_2rusmarc
852 _aNLR
_j34.96.2.10
852 _aNLR
_j1/413низ.(период.)
852 _aNLR
_bМф
_jП-1/1740
942 _cBOOK
980 _aNB